000 00347nam a2200133 i 4500
001 bg
100 1 _aMAES, Michel.
245 0 _aLes residus industrials.
_nT. 1,
_pTraitement - valorisation - legislation /
_cMichel Maes.
260 _aParis,
_c1975.
040 _cBPK
041 _apol
942 _cKS
008 s pl f |000 0 pol
999 _c27296
_d27296
856 _uhttp://koha.tu.koszalin.pl/cgi-bin/koha/opac-detail.pl?biblionumber=27296
_yKatalog online BPK